000 01089nam a2200241 i 4500
001 158748
003 ES-MaACL
005 20230906211310.0
008 940202s1868 sp |||| | spa d
080 _a34(460.15)(091)
080 _a34(460.16)(091)
100 1 _aMarichalar, Amalio
_cMarqués de Montesa.
_976703
245 1 0 _aHistoria de la legislación y recitaciones del derecho civil de España
_b: Fueros de Navarra, Vizcaya, Guipúzcoa y Álava /
_cpor los abogados Amalio Marichalar, marqués de Montesa y Cayetano Manrique.
250 _a2ª ed. corr. y aum.
260 _aMadrid :
_b[s.n.],
_c1868 (
_fImp. de los Señores Gasset, Loma y Compañía, a cargo de Diego Valero)
300 _a682 p. ;
_c24 cm.
530 _aDisponible en formato digital.
650 _aFueros-
_zPaís Vasco-
_vHistoria.
_9150810
650 4 _aFueros-
_zNavarra (Comunidad Autónoma)-
_vHistoria.
_9150811
700 1 _aManrique, Cayetano.
_976093
852 _aES-MaACL
_jG-15205
_z- Enc. tela
856 _uhttp://bdh-rd.bne.es/viewer.vm?id=0000092865&page=1
_zBiblioteca Digital Hispánica
999 _c158748
_d158748